La rettificazione del sesso in Italia : aporie legislative, tutela antidiscriminatoria e buone prassi /
Na minha lista:
| Autor principal: | |
|---|---|
| Formato: | Livro |
| Idioma: | Língua italiana |
| Publicado em: |
Milano :
Key editore,
2021
|
| Colecção: | Periferie esistenziali ;
8 |
| Tags: |
Sem tags, seja o primeiro a adicionar uma tag!
|
MARC
| LEADER | 00000nam a22000007i 4500 | ||
|---|---|---|---|
| 001 | IT\ICCU\UBO\4696075 | ||
| 003 | ItRI | ||
| 005 | 20260115232053.0 | ||
| 008 | 230404s2021 it |||||| ||||| |||||c | ||
| 020 | |a 9788827907740 | ||
| 040 | |b ita |c importazione bologna sebina | ||
| 041 | 7 | |a ita |2 ISO-639-2 | |
| 100 | 1 | |a Brunoni, Andrea |0 IT\ICCU\CFIV\360690 | |
| 240 | 1 | 3 | |a La rettificazione del sesso in Italia |3 IT\ICCU\CFI\1068525 |9 Brunoni, Andrea |
| 245 | 1 | 3 | |a La rettificazione del sesso in Italia : |b aporie legislative, tutela antidiscriminatoria e buone prassi / |c Andrea Brunoni. |
| 260 | |a Milano : |b Key editore, |c 2021 | ||
| 300 | |a 211 p. ; |c 23 cm | ||
| 830 | 0 | |a Periferie esistenziali ; |v 8 |0 IT\ICCU\RMG\0304365 | |
| 942 | |2 ddc |c BK |n 0 | ||
| 952 | |0 0 |1 0 |4 0 |6 T_342_450000000000000_BRU |7 0 |9 19525 |a BO |b BO |d 2026-01-15 |i 19854 |l 0 |o T 342.450 BRU |p BO19854 |r 2026-01-15 23:20:53 |w 2026-01-15 |x [Sebina 5] [1 v.] |y BK |z 1 v. | ||
| 999 | |c 16631 |d 16631 | ||